书目信息 |
| 题名: |
工程学科英语视听说
|
|
| 作者: | 杨春春 主编 | |
| 分册: | ||
| 出版信息: | 上海 华东师范大学出版社 2019 |
|
| 页数: | 128页 | |
| 开本: | 24cm | |
| 丛书名: | ||
| 单 册: | ||
| 中图分类: | TB , H319.9:TB | |
| 科图分类: | ||
| 主题词: | 工程技术--英语--听说教学--高等学校--教材 , 英语 | |
| 电子资源: | ||
| ISBN: | 978-7-5675-9473-9 | |
| 000 | 00992nam0 2200253 45 | |
| 001 | 012001002164 | |
| 005 | 20191121105830.53 | |
| 010 | @a978-7-5675-9473-9@dCNY53.80 | |
| 100 | @a20190718d2019 em y0chiy0110 ea | |
| 101 | 0 | @achi |
| 102 | @aCN@b310000 | |
| 105 | @ay z 000yy | |
| 106 | @ar | |
| 200 | 1 | @a工程学科英语视听说@Agong cheng xue ke ying yu shi ting shuo@f杨春春主编 |
| 210 | @a上海@c华东师范大学出版社@d2019 | |
| 215 | @a128页@d24cm | |
| 330 | @a本教材以工程学科学生英语教学大纲为依据,在对工程学科学生的需求 和兴趣进行调查研究的基础上,由多年从事英语教学的教师精心设计和编写而成。全书共分10个单元,内容涵盖工程认知、学科前沿,合计十个单元,主题分别为工程学科概况、大数据、虚拟现实、网络通讯、交通、现代制造、能源、工业设计等。 | |
| 606 | 0 | @a工程技术@x英语@x听说教学@x高等学校@j教材 |
| 606 | 0 | @a英语 |
| 690 | @aTB@v5 | |
| 690 | @aH319.9:TB@v4 | |
| 701 | 0 | @a杨春春@Ayang chun chun@4主编 |
| 801 | 0 | @aCN@b北京卓展@c20191020 |
| 905 | @b1203250-3@dH319.9:TB@e868@f4 | |
| 工程学科英语视听说/杨春春主编.-上海:华东师范大学出版社,2019 |
| 128页;24cm |
| ISBN 978-7-5675-9473-9:CNY53.80 |
| 本教材以工程学科学生英语教学大纲为依据,在对工程学科学生的需求 和兴趣进行调查研究的基础上,由多年从事英语教学的教师精心设计和编写而成。全书共分10个单元,内容涵盖工程认知、学科前沿,合计十个单元,主题分别为工程学科概况、大数据、虚拟现实、网络通讯、交通、现代制造、能源、工业设计等。 |
| ● |
| 相关链接 |
|
|
|
|
正题名:工程学科英语视听说
索取号:H319.9:TB/868
 
预约/预借
| 序号 | 登录号 | 条形码 | 馆藏地/架位号 | 状态 | 备注 |
| 1 | 1203250 | 212032502 | 第二样本阅览室/ [索取号:H319.9:TB/868] | 在馆 | |
| 2 | 1203251 | 212032511 | 第四借阅区/ [索取号:H319.9:TB/868] | 在馆 | |
| 3 | 1203252 | 212032520 | 第四借阅区/ [索取号:H319.9:TB/868] | 在馆 | |
| 4 | 1203253 | 212032539 | 第四借阅区/ [索取号:H319.9:TB/868] | 在馆 |